Estadísticas para Gobernantes Históricos

Haz click aquí para tomar la prueba!

Estadísticas generales

  • Esta prueba ha sido tomada 1,682 veces
  • La puntuación promedio es 13 de 22

Estadísticas de respuestas

Gobernante Nación % Correct
Julio CésarRoma
97%
Fernando e IsabelEspaña
96%
NapoleónFrancia
93%
Reina Isabel IInglaterra
92%
TutankamónEgipto
91%
Káiser Guillermo IIAlemania
81%
HirohitoJapón
79%
Gengis KanImperio Mongol
72%
LeónidasEsparta
64%
Moctezuma IIImperio Azteca
63%
Catalina la GrandeRusia
60%
AtahualpaImperio Inca
58%
SalomónIsrael
57%
Cosme de MédiciFlorencia
51%
Francisco José IAustria
45%
Ciro el GrandePersia
44%
Nabucodonosor IIBabilonia
44%
Haile SelassieEtiopía
32%
OdiseoÍtaca
29%
Mehmed IIImperio Otomano
27%
CarlomagnoReino Franco
26%
Roberto BruceEscocia
24%

Distribución de puntuación

Porcentaje por número respondido

Porcentaje de gente con cada puntuación

Historial de tus puntuaciones

No has tomado esta prueba